书目信息 |
| 题名: |
我的星期天和星期一之间少了一天
|
|
| 作者: | 鲍尔范德 著 ;余荃 译 | |
| 分册: | ||
| 出版信息: | 北京 北京联合出版公司 2016 |
|
| 页数: | 231页 | |
| 开本: | 21cm | |
| 丛书名: | ||
| 单 册: | ||
| 中图分类: | I516.65 | |
| 科图分类: | ||
| 主题词: | 随笔--作品集--德国--现代 | |
| 电子资源: | ||
| ISBN: | 978-7-5502-8829-4 | |
| 000 | 01365nam0 2200241 450 | |
| 001 | 2330155920 | |
| 005 | 20231110112600.63 | |
| 010 | @a978-7-5502-8829-4@b精装@dCNY59.00 | |
| 100 | @a20181129d2016 em y0chiy50 ea | |
| 101 | 1 | @achi@cger |
| 102 | @aCN@b110000 | |
| 105 | @ay z 000cy | |
| 200 | 1 | @a我的星期天和星期一之间少了一天@Awo de xing qi tian he xing qi yi zhi jian shao le yi tian@dMir fehlt ein Tag zwischen sonntag und montag@f(德)卡特琳·鲍尔范德著@g余荃译@zger |
| 210 | @a北京@c北京联合出版公司@d2016 | |
| 215 | @a231页@d21cm | |
| 330 | @a清醒着回望的时候,发现人生是从失败开始的。比如下定决心要坐在电脑前完成论文,却花了数个小时看搞笑短片;比如下定决心要在假期来临之前“瘦成一道闪电”,假期来临的时候却胖了两斤……无论你是什么年纪,失败总是如影随形。就好像每周的生活都缺少了那么一天,让我们没有时间梳理头绪,调整生活,只能摸爬滚打着前行。知名电视节目主持人鲍尔菲德首度披露自己的心路历程,她幽默诙谐地谈论成熟女性面临的一系列问题,比如爱情、衰老、婚姻和友情,也坦然地应对生活中的失败和挫折,让你不禁赞同她的观点,接受她的教诲,勇敢地面对生活。 | |
| 510 | 1 | @aMir fehlt ein Tag zwischen sonntag und montag@zger |
| 606 | 0 | @a随笔@x作品集@y德国@z现代 |
| 690 | @aI516.65@v5 | |
| 701 | 0 | @c(德)@a鲍尔范德@Abao er fan de@c(女,Bauerfeind, Katrin)@4著 |
| 702 | 0 | @a余荃@Ayu quan@4译 |
| 801 | 0 | @aCN@b安徽时代@c20230923 |
| 905 | @aBZT@dI516.65@e13 | |
| 我的星期天和星期一之间少了一天=Mir fehlt ein Tag zwischen sonntag und montag/(德)卡特琳·鲍尔范德著/余荃译.-北京:北京联合出版公司,2016 |
| 231页;21cm |
| ISBN 978-7-5502-8829-4(精装):CNY59.00 |
| 清醒着回望的时候,发现人生是从失败开始的。比如下定决心要坐在电脑前完成论文,却花了数个小时看搞笑短片;比如下定决心要在假期来临之前“瘦成一道闪电”,假期来临的时候却胖了两斤……无论你是什么年纪,失败总是如影随形。就好像每周的生活都缺少了那么一天,让我们没有时间梳理头绪,调整生活,只能摸爬滚打着前行。知名电视节目主持人鲍尔菲德首度披露自己的心路历程,她幽默诙谐地谈论成熟女性面临的一系列问题,比如爱情、衰老、婚姻和友情,也坦然地应对生活中的失败和挫折,让你不禁赞同她的观点,接受她的教诲,勇敢地面对生活。 |
| ● |
| 相关链接 |
|
|
|
正题名:我的星期天和星期一之间少了一天
索取号:I516.65/13
 
预约/预借
| 序号 | 登录号 | 条形码 | 馆藏地/架位号 | 状态 | 备注 |
| 1 | 2000936023 | 2000936023 | 315书库/四37架A面4层4列/ [索取号:I516.65/13] | 在馆 | |
| 2 | 2000936024 | 2000936024 | 315书库/四37架A面4层4列/ [索取号:I516.65/13] | 在馆 | |
| 3 | 2000936025 | 2000936025 | 315书库/四37架A面4层4列/ [索取号:I516.65/13] | 在馆 | |
| 4 | 2000936026 | 2000936026 | 315书库/四37架A面4层4列/ [索取号:I516.65/13] | 在馆 | |
| 5 | 2000936027 | 2000936027 | 315书库/四37架A面4层4列/ [索取号:I516.65/13] | 在馆 | |
| 6 | 2000936028 | 2000936028 | 315书库/四37架A面4层4列/ [索取号:I516.65/13] | 在馆 |